000 00434nam a2200181Ia 4500
001 13139
005 20260306163031.0
008 260306t2004||||xx |||||||||||||| ||spa||
041 _aESP
082 _aPE 868.3
_bG72
100 _aGonzáles Viaña, Eduardo
_eAUT
245 0 _aSarita Colonia viene volando
260 _c2004
300 _a277 páginas :
_c20 cm.
650 _aGEN
654 _aCHU
942 _cLIB
_dJUS
_fJUS
_2ddc
_n
999 _c13139
_d13139